Trayectoria del Entrenador #3 - José Mourinho - Estadísticas

Estadísticas generales
  • Esta prueba ha sido intentada 58 veces
  • La puntuación promedio es 10 de 12
Estadísticas de respuestas
Nombramiento Salida Equipos % Correcto
01/07/2010 30/06/2013 Real Madrid
98%
01/07/2004 20/09/2007 Chelsea
96%
01/07/2013 17/12/2015 Chelsea
96%
01/07/2021 16/01/2024 AS Roma
94%
23/01/2002 30/06/2004 Oporto
94%
20/09/2000 05/12/2000 Benfica
91%
18/09/2025 - Benfica
91%
01/07/2008 30/06/2010 Inter de Milan
89%
01/07/2016 18/12/2018 Manchester United
89%
01/07/2024 29/08/2025 Fenerbahce
81%
20/11/2019 19/04/2021 Tottenham
79%
01/07/2001 22/01/2002 Leiria
13%
No se encontraron pruebas coincidentes
Distribución de puntuación
Porcentaje de gente con cada puntuación
Porcentaje por número respondido
Historial de tus puntuaciones
No has intentado esta prueba.